| 000 | 00784nam a2200229 a 4500 | ||
|---|---|---|---|
| 001 | BRL_824 | ||
| 005 | 20190320210919.0 | ||
| 008 | 171013c1970----mx-a######---#000-0#spa-# | ||
| 041 | _aspa | ||
| 044 | _amx | ||
| 050 | 4 |
_aNA756.S56 _b.A77 1970 |
|
| 245 | 1 | 0 |
_aArquitectura popular de Sinaloa _cfotografías Milosh Trnka. |
| 260 |
_aMéxico _bGobierno del Estado de Sinaloa, Fondo Nacional para Actividades Sociales, Direccioìn de Investigacioìn y Fomento de Cultura Regional _c[1970?] |
||
| 300 |
_axiii, 60 p. _bil. a color _c20 cm. |
||
| 440 | 0 |
_aSerie Rescate y divulgación _922788 |
|
| 500 | _aAu906 | ||
| 650 | 1 | 4 |
_aArquitectura _zSinaloa _925045 |
| 650 | 1 | 4 |
_aArquitectura vernacula _zSinaloa _925046 |
| 700 | 1 |
_aTrnka, Milosh _eil. _925047 |
|
| 902 | _aGRL | ||
| 942 |
_2lcc _cB |
||
| 999 |
_c9636 _d9636 |
||